Detalles MARC
| 000 -CABECERA |
| Longitud fija campo de control |
02349nam a2200373 c 4500 |
| 001 - NÚMERO DE CONTROL |
| Número de control |
51693 |
| 003 - IDENTIFICADOR DE NÚMERO DE CONTROL |
| Identificador del número de control |
ES-MaCES |
| 005 - FECHA Y HORA DE LA ÚLTIMA TRANSACCIÓN |
| Fecha y hora de la última transacción |
20240124114304.0 |
| 008 - CAMPO FIJO DE DESCRIPCIÓN FIJA--INFORMACIÓN GENERAL |
| Códigos de información de longitud fija |
210204s2020 uk 000 | eng d |
| 020 ## - ISBN (INTERNATIONAL STANDARD BOOK NUMBER) |
| Número Internacional Normalizado para Libros (ISBN) |
9781529108057 |
| 040 ## - FUENTE DE CATALOGACIÓN |
| Centro catalogador de origen |
ES-MaCES |
| Lengua de catalogación |
spa |
| Centro transcriptor |
ES-MaCES |
| 100 1# - ENCABEZAMIENTO PRINCIPAL--NOMBRE PERSONAL |
| Nombre de persona |
Cohen, Sir Ronald |
| 9 (RLIN) |
39858 |
| 245 10 - MENCIÓN DE TÍTULO |
| Título |
Impact |
| Resto del título |
: reshaping capitalism to drive real change |
| Mención de responsabilidad, etc. |
Ronald, Cohen |
| 250 ## - MENCIÓN DE EDICIÓN |
| Mención de edición |
1st ed |
| 260 ## - PUBLICACIÓN, DISTRIBUCIÓN, ETC (PIE DE IMPRENTA) |
| Lugar de publicación, distribución, etc. |
London |
| Nombre del editor, distribuidor, etc. |
Ebury Press |
| Fecha de publicación, distribución, etc. |
2020 |
| 300 ## - DESCRIPCIÓN FÍSICA |
| Extensión |
244 p. |
| Dimensiones |
23 cm |
| 500 ## - NOTA GENERAL |
| Nota general |
Índices |
| 520 3# - RESUMEN, ETC. |
| Sumario, etc, |
En todo el mundo, el capitalismo y la democracia están siendo desafiados con gran fuerza. El mundo debe cambiar, pero no podemos cambiarlo arrojando dinero a viejas ideas que ya no funcionan. Necesitamos un nuevo camino hacia un mundo nuevo donde la desigualdad se está reduciendo, donde los recursos naturales se regeneran y las personas pueden beneficiarse de la prosperidad compartida. Este es el mundo creado por Impact Revolution. El destacado inversionista, empresario, filántropo e innovador en finanzas sociales, Sir Ronald Cohen, ha dedicado dos décadas a liderar la Revolución del Impacto para lograr un cambio social y ambiental real. Como uno de los fundadores del capital de riesgo, que marcó el comienzo de la revolución tecnológica, aprovecha sus años de experiencia personal para ofrecer un relato convincente de cómo la inversión de impacto está remodelando el capitalismo. Ya sea un aspirante a joven emprendedor, una persona de negocios establecida, un inversionista, un filántropo o alguien en el gobierno, o si está interesado, como consumidor o empleado, en empresas que lo hacen bien y al mismo tiempo, este libro es una forma segura de descubrir cómo puedes contribuir a cambiar el mundo. |
| 541 ## - NOTA DE LA FUENTE INMEDIANTE DE ADQUISICIÓN |
| Forma de adquisición |
Compra |
| 650 #4 - ASIENTO SECUNDARIO DE MATERIA--TÉRMINO DE MATERIA |
| Término de materia o nombre geográfico como elemento inicial |
capitalismo |
| 9 (RLIN) |
27116 |
| 650 #4 - ASIENTO SECUNDARIO DE MATERIA--TÉRMINO DE MATERIA |
| Término de materia o nombre geográfico como elemento inicial |
reforma económica |
| 9 (RLIN) |
29791 |
| 650 #4 - ASIENTO SECUNDARIO DE MATERIA--TÉRMINO DE MATERIA |
| Término de materia o nombre geográfico como elemento inicial |
inversión |
| 9 (RLIN) |
28141 |
| 650 #4 - ASIENTO SECUNDARIO DE MATERIA--TÉRMINO DE MATERIA |
| Término de materia o nombre geográfico como elemento inicial |
responsabilidad social |
| 9 (RLIN) |
30590 |
| 650 #4 - ASIENTO SECUNDARIO DE MATERIA--TÉRMINO DE MATERIA |
| Término de materia o nombre geográfico como elemento inicial |
responsabilidad del empleador |
| 9 (RLIN) |
30146 |
| 650 #4 - ASIENTO SECUNDARIO DE MATERIA--TÉRMINO DE MATERIA |
| Término de materia o nombre geográfico como elemento inicial |
responsabilidad del Estado |
| 9 (RLIN) |
31208 |
| 650 #4 - ASIENTO SECUNDARIO DE MATERIA--TÉRMINO DE MATERIA |
| Término de materia o nombre geográfico como elemento inicial |
evaluación del impacto |
| 9 (RLIN) |
30732 |
| 650 #4 - ASIENTO SECUNDARIO DE MATERIA--TÉRMINO DE MATERIA |
| Término de materia o nombre geográfico como elemento inicial |
cambio social |
| 9 (RLIN) |
27286 |
| 650 #4 - ASIENTO SECUNDARIO DE MATERIA--TÉRMINO DE MATERIA |
| Término de materia o nombre geográfico como elemento inicial |
desarrollo sostenible |
| 9 (RLIN) |
30785 |
| 650 #4 - ASIENTO SECUNDARIO DE MATERIA--TÉRMINO DE MATERIA |
| Término de materia o nombre geográfico como elemento inicial |
evaluación del impacto ambiental |
| 9 (RLIN) |
30344 |
| 650 #4 - ASIENTO SECUNDARIO DE MATERIA--TÉRMINO DE MATERIA |
| Término de materia o nombre geográfico como elemento inicial |
desarrollo económico y social |
| 9 (RLIN) |
29234 |
| 653 10 - TÉRMINO DE INDEXACIÓN--NO CONTROLADO |
| Término no controlado |
Economía |
| 902 ## - CES. TIPO DE DOCUMENTO |
| Tipodoc (006$c Sirtex) |
LIB Libro |
| 942 ## - ELEMENTOS KOHA |
| Fuente de clasificaión o esquema |
Clasificación propia del CES |
| Koha [por defecto] tipo de item |
Monografías |
| Parte de clasificación |
Economía |